Apprendre les animaux en luxembourgeois - Statistiques

Statistiques générales
  • Ce quiz a été pris 10 fois
  • Le résultat moyen est 15 sur 86
Statistiques - réponses
Français Luxembourgeois % Correct
Chien Hond
100%
Souris Maus
71%
Cochon Schwäin
57%
Lièvre Hues
43%
Âne Iesel
43%
Hérisson Igel
43%
Vache Kou
43%
Taureau Stéier
43%
Aigle Adler
29%
Singe Af
29%
Éléphant Elefant
29%
Chauve-souris Fliedermaus
29%
Oie Gäns
29%
Girafe Giraff
29%
Cerf Hirsch
29%
Écureuil Kaweechelchen
29%
Chat Kaz
29%
Crocodile Krokodil
29%
Lion Léiw
29%
Rhinocéros Nashorn
29%
Cheval Päerd
29%
Poney Ponni
29%
Serpent Schlaang
29%
Escargot Schleek
29%
Autruche Strauss
29%
Tigre Tiger
29%
Baleine Wal
29%
Loup Wollef
29%
Zèbre Zebra
29%
Ours polaire Äisbier
14%
Abeille Bei
14%
Ours Bier
14%
Blaireau Dachs
14%
Pigeon Dauf
14%
Tortue Deckelsmouk
14%
Dauphin Delfin
14%
Lézard Eidechs
14%
Hibou / chouette Eil
14%
Grenouille Fräsch
14%
Renard Fuuss
14%
Chèvre Geess
14%
Vautour Geier
14%
Poisson rouge Goldfësch
14%
Poule Hong
14%
Coq Hunn
14%
Chameau Kaméil
14%
Lapin Kanéngchen
14%
Corbeau Kueb
14%
Léopard Leopard
14%
Libellule Libell
14%
Taupe Maulef
14%
Mouche Méck
14%
Mouette Méiw
14%
Crapaud Mouk
14%
Coquillage Muschel
14%
Bœuf Ochs
14%
Papillon Päiperleck
14%
Perroquet Papagei
14%
Chenille Raup
14%
Cygne Schwan
14%
Scorpion Skorpioun
14%
Araignée Spann
14%
Thon Thon
14%
Ver de terre Wuerm
14%
Dromadaire Dromedar
0%
Hippopotame Flosspäerd
0%
Guépard Gepard
0%
Requin Haifësch (Hai)
0%
Mouton Hammel
0%
Guêpe Harespel
0%
Sautrelle Heesprénger
0%
Faucon Héngerdéif
0%
Coccinelle Himmelsdéierchen
0%
Canard Int (Untert)
0%
Méduse Jelliskapp
0%
Kangourou Känguruh
0%
Lynx Luuss
0%
Étoile de mer Mierstär
0%
Moustique Moskito
0%
Asticot Mued
0%
Moule Mull
0%
Chevreuil Réi
0%
Dinde Schnuddelhung
0%
Fourmi Seechomes
0%
Phoque Séihond
0%
Belette Wisel
0%
Aucun quiz correspondant
Distribution des résultats
% des personnes avec chaque résultat
Percentile par nombre de réponses
Votre historique - résultats
Vous n’avez pas pris ce quiz